00592nam a2200181Ia 4500003000900000008004100009020001800050040001600068080002300084245015900107260003700266300001500303650001400318650001700332650001300349700002100362700002700383IN-BaIIA211028s9999 xx 000 0 eng d a0-7923-4885-0 cIIA Library a52(082.1)bASS-226 0aObservational cosmology with the new radio surveyscedited by M. N. Bremer, N. Jackson and I. Perez-Fournon  aDordrechtbKluwer Academicc1998 axii, 345p. aCosmology aRadio survey aUniverse aJackson, N., ed. aPerez-Fournon, I., ed.